[Event "EU-ch Hybrid U16"]
[Site "Tornelo INT"]
[Date "2021.10.15"]
[Round "1"]
[White "Hulka, Valentyn"]
[Black "Ihlen, Sivert"]
[Result "1-0"]
[WhiteElo "2187"]
[BlackElo "1846"]
[PlyCount "33"]
[EventDate "2021.10.15"]
[EventType "swiss"]
[EventRounds "9"]
[EventCountry "NET"]
[SourceTitle "EXT 2023"]
[Source "ChessBase"]
[SourceDate "2022.10.05"]
[SourceVersion "1"]
[SourceVersionDate "2022.10.05"]
[SourceQuality "1"]
[WhiteTeam "Ukraine"]
[BlackTeam "Norway"]
[WhiteTeamCountry "UKR"]
[BlackTeamCountry "NOR"]

1. e4 e5 2. Nf3 Nf6 3. Nxe5 d6 4. Nf3 Nxe4 5. Nc3 Nxc3 6. dxc3 Be7 7. Be3 Nc6 8. Qd2 Be6 9. Bb5 a6 10. Ba4 b5 11. Bb3 h6 12. Bxe6 fxe6 13. Qd3 Bf6 14. Qg6+ Kf8 15. 0-0-0 b4 16. Qe4 Qe8 17. cxb4 1-0

[Event "EU-ch Hybrid U16"]
[Site "Tornelo INT"]
[Date "2021.10.15"]
[Round "4"]
[White "Ihlen, Sivert"]
[Black "Kienboeck, Benjamin"]
[Result "1-0"]
[WhiteElo "1846"]
[BlackElo "2073"]
[PlyCount "39"]
[EventDate "2021.10.15"]
[EventType "swiss"]
[EventRounds "9"]
[EventCountry "NET"]
[SourceTitle "EXT 2023"]
[Source "ChessBase"]
[SourceDate "2022.10.05"]
[SourceVersion "1"]
[SourceVersionDate "2022.10.05"]
[SourceQuality "1"]
[WhiteTeam "Norway"]
[BlackTeam "Austria"]
[WhiteTeamCountry "NOR"]
[BlackTeamCountry "AUT"]

1. d4 Nf6 2. Nf3 d5 3. e3 e6 4. Bd3 c5 5. 0-0 Nc6 6. Nbd2 Bd6 7. b3 0-0 8. Bb2 b6 9. Ne5 Bb7 10. f4 Rc8 11. Qe2 Nb4 12. c4 Nxd3 13. Qxd3 Ba6 14. Rfd1 Qe7 15. a4 dxc4 16. Ndxc4 cxd4 17. Bxd4 Bc5 18. a5 Rfd8 19. Bxc5 Qe8 20. Bd4 1-0

[Event "EU-ch Hybrid U16"]
[Site "Tornelo INT"]
[Date "2021.10.15"]
[Round "5"]
[White "Radojicic, Aleksandar M"]
[Black "Ihlen, Sivert"]
[Result "1-0"]
[WhiteElo "2036"]
[BlackElo "1846"]
[PlyCount "123"]
[EventDate "2021.10.15"]
[EventType "swiss"]
[EventRounds "9"]
[EventCountry "NET"]
[SourceTitle "EXT 2023"]
[Source "ChessBase"]
[SourceDate "2022.10.05"]
[SourceVersion "1"]
[SourceVersionDate "2022.10.05"]
[SourceQuality "1"]
[WhiteTeam "Serbia"]
[BlackTeam "Norway"]
[WhiteTeamCountry "SRB"]
[BlackTeamCountry "NOR"]

1. d4 Nf6 2. Nc3 d5 3. Bf4 c5 4. e3 cxd4 5. exd4 a6 6. Nf3 Nc6 7. Ne5 h6 8. Be2 Bf5 9. a3 e6 10. f3 Rc8 11. g4 Bh7 12. Bd3 Qb6 13. Nxc6 Rxc6 14. Bxh7 Nxh7 15. Rb1 Be7 16. 0-0 Ng5 17. Kg2 0-0 18. Qd2 Rfc8 19. Rfc1 Qa5 20. Ra1 Qb6 21. Rab1 Rc4 22. Ne2 Bd6 23. c3 Qd8 24. Re1 b5 25. Rbc1 a5 26. b4 R4c6 27. Red1 Nh7 28. Rb1 axb4 29. axb4 Ra8 30. Ra1 Rca6 31. Qb2 Bxf4 32. Nxf4 Qg5 33. Nd3 h5 34. h3 hxg4 35. hxg4 f5 36. Nc5 Rxa1 37. Rxa1 Rxa1 38. Qxa1 fxg4 39. Qa8+ Nf8 40. Qxf8+ Kh7 41. fxg4 Qxg4+ 42. Kf2 Qg6 43. Qf3 Qc2+ 44. Kg3 Qg6+ 45. Qg4 Qb1 46. Qh3+ Kg8 47. Qxe6+ Kh8 48. Qe8+ Kh7 49. Qe3 Qg6+ 50. Kf2 Qc2+ 51. Kf3 Qf5+ 52. Ke2 Qh5+ 53. Qf3 Qh2+ 54. Kd3 Qg1 55. Qh5+ Kg8 56. Qxd5+ Kh8 57. Qh5+ Kg8 58. Qe2 Qb1+ 59. Ke3 Qg1+ 60. Kd2 Qg5+ 61. Kc2 Qf5+ 62. Kb2 1-0

[Event "Nordic-ch U16"]
[Site "Torshavn"]
[Date "2021.09.11"]
[Round "4"]
[White "Dale, Gunnar Brandshaug"]
[Black "Ihlen, Sivert"]
[Result "1/2-1/2"]
[WhiteElo "1929"]
[BlackElo "1944"]
[PlyCount "90"]
[EventDate "2021.09.10"]
[EventType "swiss"]
[EventRounds "6"]
[EventCountry "FAI"]
[SourceTitle "EXT 2023"]
[Source "ChessBase"]
[SourceDate "2022.10.05"]
[SourceVersion "1"]
[SourceVersionDate "2022.10.05"]
[SourceQuality "1"]

1. e4 e5 2. Nc3 Nf6 3. Bc4 Nc6 4. d3 Na5 5. Qf3 Nxc4 6. dxc4 d6 7. Nge2 Be7 8. b3 Be6 9. 0-0 0-0 10. Ng3 Qd7 11. h3 h6 12. Be3 Nh7 13. Nf5 Bg5 14. Rad1 Bxf5 15. exf5 Qc6 16. Nd5 Kh8 17. Qh5 Qd7 18. h4 Bxe3 19. fxe3 c6 20. Nc3 Nf6 21. Qf3 Rad8 22. e4 Qe7 23. Rfe1 Rd7 24. g4 Nh7 25. Qg3 g5 26. hxg5 Qxg5 27. Kf2 Nf6 28. Kf3 Rg8 29. Rh1 Nxg4 30. Ke2 f6 31. Rh4 h5 32. Rdh1 Rh7 33. Nd1 Qc1 34. Ne3 Qxe3+ 35. Qxe3 Nxe3 36. Rxh5 Rg2+ 37. Kxe3 Rxh5 38. Rxh5+ Kg7 39. Kd3 Rg3+ 40. Kd2 Rg2+ 41. Kc3 Rg3+ 42. Kd2 Rg2+ 43. Kd3 Rg3+ 44. Ke2 Rg2+ 45. Kd3 Rg3+ 1/2-1/2